000 00425nam a22001697a 4500
005 20231128141723.0
008 231128b |||||||| |||| 00| 0 eng d
020 _a340.1 ATT
041 _aEnglish
082 _a340.1 ATT
100 _lEnglish
245 _aAttorneys' Ethics
260 _c2009
300 _b39 pages ;
_c30,4 cm.
650 _aLegal practice
_bLaw
942 _cBK
_6ALISON_BN_VRIES
999 _c1022
_d1022